Places in the USA with Cars named after them. - Statistics

General Stats
  • This quiz has been taken 33 times
    20 since last reset
  • The average score is 4 of 15
Answer Stats
Hint Answer % Correct
Ferrari California
50%
Hyundai Santa Fe
43%
Chevrolet Tahoe
43%
Buick LaCrosse/La Croase
36%
Hyundai Tucson
36%
GMC Denali
29%
Dodge Durango
29%
Toyota Tacoma
29%
KIA Sedona
21%
Chevrolet Silverado
21%
Chrysler Pacifica
14%
Dodge Dakota
7%
Skoda Kodiak
7%
Chevrolet Bel-Air
0%
Ford Fairmont
0%
No matching quizzes found
Score Distribution
Percent of People with Each Score
Percentile by Number Answered
Your Score History
You have not taken this quiz since the last reset